[Event "8th Eksjo it group B"]
[Site "Eksjo SWE"]
[Date "1980.08.22"]
[Round "1"]
[White "Donaldson, John"]
[Black "Evangelisti, Claudio"]
[Result "1/2-1/2"]
[WhiteElo "2360"]
[BlackElo "2315"]
[EventDate "1980.08.22"]
[PlyCount "101"]

1.e4 e5 2.Nf3 Nc6 3.Bb5 a6 4.Ba4 Nf6 5.d4 exd4 6.O-O Be7 7.Re1 O-O 8.e5 
Ne8 9.c3 d6 10.Bxc6 bxc6 11.cxd4 f6 12.exd6 cxd6 13.d5 c5 14.b4 Nc7 15.
bxc5 dxc5 16.Nc3 Bd6 17.Be3 Rb8 18.Rc1 Rb4 19.a3 Rg4 20.h3 Rg6 21.Nh4 Rg5 
22.Nf3 Rg6 23.Nh4 Rg5 24.Qd3 Rh5 25.Nf3 Kh8 26.Rcd1 Bd7 27.Qe2 Qe8 28.Nd2 
Qg6 29.f4 Re8 30.Nde4 Rxh3 31.Nxd6 Rexe3 32.Qxe3 Rxe3 33.Rxe3 h5 34.Rde1 
Nb5 35.Ncxb5 axb5 36.Re7 Bh3 37.R1e2 Bg4 38.f5 Bxf5 39.Nxf5 Qxf5 40.d6 Qd3
41.d7 Kh7 42.R2e3 Qd4 43.Kh2 Qd6+ 44.Kh3 Qd1 45.Rf3 Qd6 46.Rfe3 Qd1 47.Kh2
Qd6+ 48.Kg1 Qd1+ 49.Kf2 Qd2+ 50.Kf3 Qd1+ 51.Kg3 1/2-1/2

[Event "8th Eksjo it group B"]
[Site "Eksjo SWE"]
[Date "1980.08.22"]
[Round "1"]
[White "Ekstrom, Roland"]
[Black "Honfi, Karoly"]
[Result "1-0"]
[WhiteElo "2365"]
[BlackElo "2420"]
[EventDate "1980.08.22"]
[PlyCount "85"]

1.e4 e5 2.Nf3 Nc6 3.Bb5 a6 4.Ba4 Nf6 5.O-O Be7 6.Re1 b5 7.Bb3 d6 8.c3 O-O 
9.d4 Bg4 10.Be3 exd4 11.cxd4 Na5 12.Bc2 c5 13.Nbd2 cxd4 14.Bxd4 Nc6 15.Be3
Nd7 16.h3 Be6 17.Bb3 Bf6 18.Rc1 Rc8 19.Bxe6 fxe6 20.Qb3 Qe7 21.Qa3 Ndb8 
22.Rc2 Qd7 23.Rec1 d5 24.Bc5 Rfe8 25.Bd6 Be7 26.Bxe7 Qxe7 27.Qxe7 Nxe7 28.
Ne5 Rxc2 29.Rxc2 Rc8 30.Rxc8+ Nxc8 31.f4 Kf8 32.Kf2 Na7 33.Nb3 Ke7 34.exd5
exd5 35.Nd4 g6 36.b4 Nd7 37.Nxd7 Kxd7 38.Ke3 Nc8 39.Nb3 Kc6 40.Kd4 Ne7 41.
Ke5 Kc7 42.Nd4 Kd7 43.g4 1-0

[Event "8th Eksjo it group B"]
[Site "Eksjo SWE"]
[Date "1980.08.22"]
[Round "1"]
[White "Kovacs, Laszlo"]
[Black "Renman, Nils-Gustaf"]
[Result "1/2-1/2"]
[WhiteElo "2340"]
[BlackElo "2425"]
[EventDate "1980.08.22"]
[PlyCount "147"]

1.d4 Nf6 2.c4 e6 3.Nc3 Bb4 4.Qc2 c5 5.dxc5 O-O 6.Bg5 Bxc5 7.e3 h6 8.Bh4 b6
9.Nf3 Bb7 10.Be2 Be7 11.O-O d6 12.Rfd1 a6 13.Rac1 Ra7 14.Bg3 Nh5 15.Ng5 
hxg5 16.Bxh5 Ba8 17.Be2 Nc6 18.a3 Rd7 19.b4 f5 20.f3 Kh8 21.Na4 a5 22.Qb3 
axb4 23.axb4 Rf6 24.Bf2 d5 25.cxd5 exd5 26.e4 d4 27.exf5 Nxb4 28.Bc4 Rxf5 
29.Nb2 Bc5 30.Nd3 Nxd3 31.Qxd3 Re5 32.f4 Re3 33.Qg6 Rd6 34.Qh5+ Rh6 35.
Qxg5 Re7 36.h4 Qd6 37.Re1 Rg6 38.Qh5+ Rh6 39.Qg4 Bb7 40.Rxe7 Qxe7 41.Re1 
Qd8 42.Qg5 Qxg5 43.fxg5 Rc6 44.Re8+ Kh7 45.Bd3+ g6 46.h5 Rc8 47.Re6 Bd5 
48.Rxg6 Kh8 49.Rf6 Re8 50.g6 Be4 51.Bxe4 Rxe4 52.h6 Re8 53.Rc6 d3 54.Rxc5 
bxc5 55.Bxc5 Re4 56.Ba3 Re2 57.Bc5 Re4 58.Ba3 Re2 59.h7 Kg7 60.Bf8+ Kh8 
61.Bc5 Re4 62.Ba3 Re2 63.Kh2 Ra2 64.Bb4 Rc2 65.Bd6 Re2 66.Bc5 Re4 67.Ba3 
Rh4+ 68.Kg3 Rxh7 69.Bb2+ Rg7 70.Kf3 Kg8 71.Bxg7 Kxg7 72.Ke3 Kxg6 73.Kxd3 
Kf5 74.g4+ 1/2-1/2

[Event "8th Eksjo it group B"]
[Site "Eksjo SWE"]
[Date "1980.08.23"]
[Round "2"]
[White "Jasnikowski, Zbigniew"]
[Black "Kovacs, Laszlo"]
[Result "1/2-1/2"]
[WhiteElo "2325"]
[BlackElo "2340"]
[EventDate "1980.08.22"]
[PlyCount "81"]

1.e4 c5 2.Nf3 d6 3.Bb5+ Nd7 4.O-O Nf6 5.Re1 a6 6.Bf1 e5 7.c3 Be7 8.d4 O-O 
9.a4 b6 10.Nbd2 cxd4 11.cxd4 Bb7 12.Bd3 exd4 13.Nxd4 Ne5 14.N2f3 Nxd3 15.
Qxd3 d5 16.e5 Ne4 17.Nf5 Bc5 18.N3d4 Bc8 19.Be3 Re8 20.f3 Bxd4 21.Nxd4 Nc5
22.Qd2 a5 23.b3 Ba6 24.Bg5 Qd7 25.Re3 Ne6 26.Bh4 Nxd4 27.Qxd4 b5 28.axb5 
Bxb5 29.h3 Qa7 30.Rd1 Qxd4 31.Rxd4 a4 32.bxa4 Rxa4 33.Rxa4 Bxa4 34.Ra3 Bc2
35.Bf2 h5 36.Bd4 Rc8 37.Ra5 Bb3 38.Rb5 Rc1+ 39.Kf2 Bc4 40.Rb2 Rd1 41.Bc5 
1/2-1/2

[Event "8th Eksjo it group B"]
[Site "Eksjo SWE"]
[Date "1980.08.23"]
[Round "2"]
[White "Lundin, Erik"]
[Black "Donaldson, John"]
[Result "1-0"]
[WhiteElo "2355"]
[BlackElo "2360"]
[EventDate "1980.08.22"]
[PlyCount "65"]

1.d4 d5 2.Nf3 Nf6 3.Bf4 e6 4.e3 c5 5.c3 Nc6 6.Nbd2 Bd6 7.dxc5 Bxc5 8.Bd3 
O-O 9.O-O Re8 10.e4 e5 11.Bg5 dxe4 12.Bxe4 Qd6 13.Bxf6 Qxf6 14.Qa4 Bd7 15.
b4 Bb6 16.Nc4 Qf4 17.Qc2 Bc7 18.Ne3 Qh6 19.Rfd1 Be6 20.Nd5 Bxd5 21.Rxd5 
Rad8 22.Rad1 Rxd5 23.Rxd5 f5 24.Bxf5 Ne7 25.Rd2 Nxf5 26.Qxf5 e4 27.Qd5+ 
Kf8 28.Qf5+ Kg8 29.Ng5 Qxh2+ 30.Kf1 Qe5 31.Qxh7+ Kf8 32.Qh5 Kg8 33.Rd5 1-0

[Event "8th Eksjo it group B"]
[Site "Eksjo SWE"]
[Date "1980.08.23"]
[Round "2"]
[White "Renman, Nils-Gustaf"]
[Black "Ekstrom, Roland"]
[Result "1/2-1/2"]
[WhiteElo "2425"]
[BlackElo "2365"]
[EventDate "1980.08.22"]
[PlyCount "105"]

1.d4 d5 2.Nf3 e6 3.c4 c5 4.cxd5 exd5 5.g3 Nc6 6.Bg2 Nf6 7.O-O Be7 8.Nc3 
O-O 9.Bg5 c4 10.Ne5 Be6 11.Nxc6 bxc6 12.b3 Qa5 13.Na4 Rfd8 14.e3 Rac8 15.
Bxf6 gxf6 16.bxc4 dxc4 17.Qc2 c5 18.d5 Bxd5 19.Bxd5 Rxd5 20.Qxc4 Rcd8 21.
Rab1 Qc7 22.Nc3 Rd2 23.Rfc1 Qd7 24.Ne4 Rd5 25.Nc3 Rd2 26.Rd1 Qe6 27.Qxe6 
Rxd1+ 28.Rxd1 fxe6 29.Kf1 Kf7 30.Rxd8 Bxd8 31.Ke2 Ke7 32.Kd3 Kd6 33.Kc4 
Kc6 34.g4 f5 35.gxf5 exf5 36.e4 Kd6 37.exf5 Ke5 38.Kxc5 Bb6+ 39.Kc6 Kxf5 
40.f3 Bg1 41.h3 Kg5 42.Nd5 h5 43.f4+ Kf5 44.a4 Bf2 45.a5 a6 46.Kb7 Be1 47.
Kxa6 Ke4 48.Nf6+ Kxf4 49.Nxh5+ Kg5 50.h4+ Kxh5 51.Kb7 Bxa5 52.Ka8 Kxh4 53.
Kb8 1/2-1/2

[Event "8th Eksjo it group B"]
[Site "Eksjo SWE"]
[Date "1980.08.24"]
[Round "3"]
[White "Donaldson, John"]
[Black "Honfi, Karoly"]
[Result "0-1"]
[WhiteElo "2360"]
[BlackElo "2420"]
[EventDate "1980.08.22"]
[PlyCount "56"]

1.e4 c5 2.Nf3 e6 3.c3 Nf6 4.e5 Nd5 5.d4 cxd4 6.cxd4 d6 7.a3 Bd7 8.Bd3 Bc6 
9.O-O Nd7 10.Re1 Qc7 11.Nbd2 dxe5 12.dxe5 Nf4 13.Be4 Rd8 14.Qc2 Nc5 15.
Bxc6+ Qxc6 16.g3 Nh3+ 17.Kg2 Nxf2 18.b4 Ncd3 19.Qxc6+ bxc6 20.Re2 Nd1 21.
Ne4 Rd5 22.Bg5 h6 23.Rxd1 hxg5 24.Nc3 Rd7 25.Nxg5 Be7 26.Red2 Ne1+ 27.Kf1 
Rxd2 28.Rxd2 Bxg5 0-1

[Event "8th Eksjo it group B"]
[Site "Eksjo SWE"]
[Date "1980.08.24"]
[Round "3"]
[White "Ekstrom, Roland"]
[Black "Jasnikowski, Zbigniew"]
[Result "0-1"]
[WhiteElo "2365"]
[BlackElo "2325"]
[EventDate "1980.08.22"]
[PlyCount "114"]

1.e4 e5 2.Nf3 d6 3.d4 exd4 4.Qxd4 Nc6 5.Bb5 Bd7 6.Bxc6 Bxc6 7.Bg5 Nf6 8.
Nc3 Be7 9.O-O-O O-O 10.Rhe1 Re8 11.h3 h6 12.Bh4 Nd7 13.Bxe7 Qxe7 14.Qd2 
Nc5 15.Nd4 Qg5 16.f3 Qxd2+ 17.Kxd2 Ne6 18.Nxe6 Rxe6 19.Nd5 Bxd5 20.exd5 
Ree8 21.a4 g5 22.Kd3 Kg7 23.Kd4 f5 24.Rxe8 Rxe8 25.Rd3 Re2 26.Rc3 Rd2+ 27.
Ke3 Rxg2 28.Rxc7+ Kf6 29.b4 f4+ 30.Kd3 Rf2 31.Ke4 Re2+ 32.Kd4 Re3 33.Rd7 
Rxf3 34.Rxd6+ Kf5 35.Rxh6 Rf1 36.Kd3 Rd1+ 37.Ke2 Rxd5 38.Rh7 Re5+ 39.Kf2 
Re3 40.c4 Rb3 41.b5 Ke4 42.Re7+ Kf5 43.Rf7+ Kg6 44.Rxb7 Rxh3 45.Rxa7 g4 
46.b6 Rh2+ 47.Kg1 g3 48.Ra8 Rb2 49.a5 Kf5 50.Rg8 Ke4 51.Re8+ Kf3 52.Re1 
Kg4 53.b7 f3 54.Ra1 Kh3 55.Rf1 f2+ 56.Rxf2 gxf2+ 57.Kf1 Kg3 0-1

[Event "8th Eksjo it group B"]
[Site "Eksjo SWE"]
[Date "1980.08.24"]
[Round "3"]
[White "Evangelisti, Claudio"]
[Black "Lundin, Erik"]
[Result "0-1"]
[WhiteElo "2315"]
[BlackElo "2355"]
[EventDate "1980.08.22"]
[PlyCount "64"]

1.g3 e5 2.Nf3 Nc6 3.d4 exd4 4.Nxd4 Bc5 5.Nb3 Bb6 6.Bg2 Nge7 7.c4 d6 8.Nc3 
O-O 9.Nd5 Nxd5 10.cxd5 Qf6 11.O-O Ne5 12.a4 a5 13.Nd2 Re8 14.Ra3 Bd7 15.
Rc3 Rac8 16.e3 Qg6 17.h3 f5 18.Kh2 Bc5 19.f4 Nf7 20.Nf3 Qf6 21.Qc2 Qd8 22.
Rd1 Bb4 23.Rcd3 c5 24.Nd2 c4 25.Nxc4 Qc7 26.b3 Bxa4 27.Rd4 Bd7 28.Qd3 b5 
29.Bb2 bxc4 30.bxc4 Bc5 31.e4 Qb6 32.Rc1 Rb8 0-1

[Event "8th Eksjo it group B"]
[Site "Eksjo SWE"]
[Date "1980.08.25"]
[Round "4"]
[White "Honfi, Karoly"]
[Black "Evangelisti, Claudio"]
[Result "1/2-1/2"]
[WhiteElo "2420"]
[BlackElo "2315"]
[EventDate "1980.08.22"]
[PlyCount "114"]

1.e4 e5 2.Bc4 Nf6 3.d3 c6 4.Nf3 d5 5.Bb3 Bd6 6.Nc3 dxe4 7.Ng5 O-O 8.Ncxe4 
Nxe4 9.Nxe4 Bf5 10.Nxd6 Qxd6 11.O-O Nd7 12.f4 exf4 13.Bxf4 Qd4+ 14.Kh1 Nc5
15.Bc4 Be6 16.c3 Qd7 17.Bxe6 Nxe6 18.Be3 Rfe8 19.Qf3 Re7 20.Rad1 Qd5 21.
Qxd5 cxd5 22.Rde1 b6 23.Kg1 Rae8 24.Kf2 f6 25.a4 Kf7 26.b4 Rd7 27.Bd2 a6 
28.Re2 Ra8 29.Rfe1 Rd6 30.Rb1 Rc8 31.Rb3 h5 32.g3 b5 33.d4 bxa4 34.Ra3 a5 
35.Rxa4 axb4 36.Rxb4 Ra8 37.Rb7+ Kg6 38.Re7 Kf5 39.h3 Ra2 40.Kf3 Raa6 41.
Re1 Kg6 42.Ke2 Nd8 43.Kd3 Nc6 44.Rc7 Ra7 45.Rxa7 Nxa7 46.c4 dxc4+ 47.Kxc4 
Nc6 48.Bc3 Rd7 49.Re3 Ne7 50.Bb4 Nd5 51.Rd3 Kf5 52.Bc5 Ke4 53.Ra3 Ne3+ 54.
Kb5 Nc2 55.Kc6 Rxd4 56.Ra7 Rd3 57.Rxg7 Kf5 1/2-1/2

[Event "8th Eksjo it group B"]
[Site "Eksjo SWE"]
[Date "1980.08.25"]
[Round "4"]
[White "Kovacs, Laszlo"]
[Black "Ekstrom, Roland"]
[Result "1-0"]
[WhiteElo "2340"]
[BlackElo "2365"]
[EventDate "1980.08.22"]
[PlyCount "87"]

1.c4 c5 2.g3 Nf6 3.Bg2 Nc6 4.Nc3 g6 5.d3 Bg7 6.Bd2 O-O 7.Rb1 b6 8.a3 Bb7 
9.b4 Qc7 10.Nf3 d6 11.O-O Nd4 12.e4 Nxf3+ 13.Qxf3 Nd7 14.Qe2 Rae8 15.f4 e6
16.Nb5 Qb8 17.Bc3 Bc6 18.Bxg7 Kxg7 19.Qb2+ f6 20.e5 Bxg2 21.exf6+ Nxf6 22.
Qxg2 cxb4 23.axb4 a6 24.Nd4 Qc7 25.Ra1 a5 26.Nb5 Qb8 27.bxa5 bxa5 28.Qc6 
d5 29.Rxa5 dxc4 30.Ra7+ Kh8 31.dxc4 Rc8 32.Qa6 Rce8 33.Qd6 Rd8 34.Qxb8 
Rxb8 35.c5 Rbd8 36.Rf2 Rd1+ 37.Kg2 Ng4 38.Re2 h5 39.Nd6 Rc1 40.Rd2 Rxc5 
41.Ne4 Rd5 42.Rb2 Ne3+ 43.Kf3 Rfd8 44.Rbb7 1-0

[Event "8th Eksjo it group B"]
[Site "Eksjo SWE"]
[Date "1980.08.25"]
[Round "4"]
[White "Renman, Nils-Gustaf"]
[Black "Donaldson, John"]
[Result "1-0"]
[WhiteElo "2425"]
[BlackElo "2360"]
[EventDate "1980.08.22"]
[PlyCount "79"]

1.d4 d5 2.c4 c6 3.cxd5 cxd5 4.Nc3 Nc6 5.Nf3 Nf6 6.Bf4 Bf5 7.e3 e6 8.Bb5 
Nd7 9.Qa4 Qb6 10.Nh4 Be4 11.Rc1 h6 12.O-O Rc8 13.Nxe4 dxe4 14.d5 exd5 15.
Nf5 Nc5 16.Bxc6+ bxc6 17.Qd4 f6 18.Nxg7+ Kf7 19.Nh5 Be7 20.Rc3 Nd3 21.Rxd3
exd3 22.Qxd3 Qb5 23.Qd1 Qxb2 24.Qg4 Rcg8 25.Qd7 Qc2 26.Ng3 Rd8 27.Qxa7 
Rhg8 28.h4 h5 29.Nxh5 Rg4 30.Bg3 Ra4 31.Qc7 Qf5 32.Nf4 Qd7 33.Qb6 Rxa2 34.
Qb1 Ra7 35.Qh7+ Ke8 36.Qh5+ Kf8 37.Qh8+ Kf7 38.Qh7+ Ke8 39.Qg6+ Kf8 40.h5 
1-0

[Event "8th Eksjo it group B"]
[Site "Eksjo SWE"]
[Date "1980.08.26"]
[Round "5"]
[White "Donaldson, John"]
[Black "Jasnikowski, Zbigniew"]
[Result "1/2-1/2"]
[WhiteElo "2360"]
[BlackElo "2325"]
[EventDate "1980.08.22"]
[PlyCount "113"]

1.e4 e5 2.Nf3 d6 3.d4 exd4 4.Qxd4 Nc6 5.Bb5 Bd7 6.Bxc6 Bxc6 7.Nc3 Nf6 8.
O-O Be7 9.Nd5 Bxd5 10.exd5 O-O 11.c4 Nd7 12.Be3 Bf6 13.Qd2 Nc5 14.Bd4 a6 
15.Rfe1 Bxd4 16.Nxd4 Qf6 17.Re3 Rfe8 18.Rae1 Kf8 19.Qc2 Re5 20.Nf3 Rxe3 
21.Rxe3 h6 22.b3 Nd7 23.h3 Kg8 24.Qe4 Qd8 25.Nd4 Nf6 26.Qf4 Qd7 27.Nf5 Re8
28.Rxe8+ Nxe8 29.Qg4 Kh7 30.Nxh6 Qe7 31.Nf5 Qe1+ 32.Kh2 Qxf2 33.Qg5 Qe1 
34.Ng3 Qe5 35.Qh4+ Kg8 36.Qe4 Kf8 37.Qh4 g6 38.Qh6+ Ke7 39.Qd2 Nf6 40.Qe2 
Qxe2 41.Nxe2 Ne4 42.g4 Kf6 43.h4 Ke5 44.Kg2 b5 45.cxb5 axb5 46.a4 bxa4 47.
bxa4 Kxd5 48.h5 gxh5 49.gxh5 Nf6 50.h6 c5 51.Nc3+ Kc6 52.Kf3 d5 53.a5 Nh7 
54.a6 Kb6 55.Nxd5+ Kxa6 56.Ke3 Kb5 57.Kd3 1/2-1/2

[Event "8th Eksjo it group B"]
[Site "Eksjo SWE"]
[Date "1980.08.26"]
[Round "5"]
[White "Evangelisti, Claudio"]
[Black "Renman, Nils-Gustaf"]
[Result "1/2-1/2"]
[WhiteElo "2315"]
[BlackElo "2425"]
[EventDate "1980.08.22"]
[PlyCount "67"]

1.d4 e6 2.c4 f5 3.g3 Nf6 4.Bg2 d6 5.Nf3 Be7 6.O-O O-O 7.Nc3 Qe8 8.Qb3 Nc6 
9.Bf4 Kh8 10.Rad1 Ne4 11.d5 Nxc3 12.Qxc3 Bf6 13.Qc2 Nd8 14.dxe6 Nxe6 15.
Be3 Bd7 16.b3 g6 17.Nd4 Nxd4 18.Bxd4 Bc6 19.Bxf6+ Rxf6 20.Qc3 Kg7 21.Bd5 
Qe7 22.Rfe1 Re8 23.Qd4 Bxd5 24.cxd5 c5 25.dxc6 bxc6 26.Rd2 Qc7 27.Rc1 Qb7 
28.e3 Re5 29.Rcd1 Rd5 30.Qc3 Rxd2 31.Rxd2 Kf7 32.Rc2 c5 33.Qc4+ Kg7 34.Rd2
1/2-1/2

[Event "8th Eksjo it group B"]
[Site "Eksjo SWE"]
[Date "1980.08.26"]
[Round "5"]
[White "Lundin, Erik"]
[Black "Honfi, Karoly"]
[Result "0-1"]
[WhiteElo "2355"]
[BlackElo "2420"]
[EventDate "1980.08.22"]
[PlyCount "80"]

1.d4 c5 2.d5 e5 3.e4 d6 4.g3 Nf6 5.Bg2 Be7 6.c4 O-O 7.Nc3 Nbd7 8.Nf3 a6 9.
a4 b6 10.O-O Rb8 11.Ne1 Ne8 12.Nd3 g6 13.Bh6 Ng7 14.Qd2 Nf6 15.h3 Kh8 16.
f4 exf4 17.gxf4 Ng8 18.Bg5 f6 19.Bh4 Bd7 20.Bf2 Nh6 21.e5 fxe5 22.fxe5 Bg5
23.Qe1 Bf5 24.Ne4 b5 25.cxb5 axb5 26.exd6 Bxe4 27.Qxe4 c4 28.Ne5 Qxd6 29.
axb5 Rf4 30.Qe2 Re8 31.Rae1 Bf6 32.Nxc4 Qb4 33.Ne3 Bd4 34.Kh1 Nhf5 35.Qc4 
Qxc4 36.Nxc4 Bxf2 37.Rxe8+ Nxe8 38.Bf3 Ng3+ 39.Kg2 Nxf1 40.Kxf2 Rxc4 0-1

[Event "8th Eksjo it group B"]
[Site "Eksjo SWE"]
[Date "1980.08.27"]
[Round "6"]
[White "Jasnikowski, Zbigniew"]
[Black "Evangelisti, Claudio"]
[Result "1/2-1/2"]
[WhiteElo "2325"]
[BlackElo "2315"]
[EventDate "1980.08.22"]
[PlyCount "74"]

1.e4 e5 2.Nf3 Nc6 3.Bb5 a6 4.Bxc6 dxc6 5.O-O Ne7 6.d4 Bg4 7.dxe5 Qxd1 8.
Rxd1 Ng6 9.Nc3 Bb4 10.Bd2 O-O-O 11.Be1 Bxf3 12.gxf3 Nxe5 13.Kg2 Nc4 14.b3 
Na3 15.Rxd8+ Rxd8 16.Rc1 Bd6 17.Nd1 Bf4 18.Ne3 c5 19.c4 c6 20.Bc3 b5 21.
cxb5 axb5 22.Ba5 Bc7 23.Bxc7 Kxc7 24.Rxc5 Rd2 25.Rf5 f6 26.f4 Kd7 27.e5 
fxe5 28.fxe5 Rxa2 29.Rf7+ Ke6 30.Rxg7 Kxe5 31.Rxh7 Nc2 32.Re7+ Kf6 33.Re4 
Nxe3+ 34.Rxe3 Rc2 35.Kf3 Kf5 36.h4 c5 37.Rd3 b4 1/2-1/2

[Event "8th Eksjo it group B"]
[Site "Eksjo SWE"]
[Date "1980.08.27"]
[Round "6"]
[White "Kovacs, Laszlo"]
[Black "Donaldson, John"]
[Result "1-0"]
[WhiteElo "2340"]
[BlackElo "2360"]
[EventDate "1980.08.22"]
[PlyCount "91"]

1.c4 c5 2.g3 g6 3.Bg2 Bg7 4.Nc3 Nc6 5.d3 a6 6.Bd2 Rb8 7.a4 Nf6 8.Nf3 O-O 
9.O-O b6 10.Qc1 Bb7 11.Bh6 d5 12.Bxg7 Kxg7 13.cxd5 Nxd5 14.Qg5 Nc7 15.Ne5 
Nd4 16.Ng4 Bxg2 17.Kxg2 f5 18.Qh6+ Kg8 19.Ne5 Qd6 20.Nf3 Nxf3 21.exf3 e5 
22.Rfe1 Rbd8 23.Re3 Rfe8 24.Rae1 b5 25.axb5 axb5 26.Qh4 Rb8 27.Kg1 b4 28.
Qc4+ Kg7 29.Na4 Nd5 30.R3e2 Nf6 31.Qxc5 Qxc5 32.Nxc5 Rbc8 33.d4 exd4 34.
Ne6+ Kf7 35.Nxd4 Rxe2 36.Rxe2 Rc1+ 37.Kg2 Nd5 38.f4 Rc4 39.Nf3 Rc7 40.Ng5+
Kf6 41.Re6+ Kg7 42.Rd6 Ne3+ 43.fxe3 Rc2+ 44.Kf3 Rxb2 45.Rd7+ Kg8 46.Rxh7 
1-0

[Event "8th Eksjo it group B"]
[Site "Eksjo SWE"]
[Date "1980.08.27"]
[Round "6"]
[White "Renman, Nils-Gustaf"]
[Black "Lundin, Erik"]
[Result "1-0"]
[WhiteElo "2425"]
[BlackElo "2355"]
[EventDate "1980.08.22"]
[PlyCount "69"]

1.d4 d5 2.c4 c6 3.cxd5 cxd5 4.Nc3 Nc6 5.Nf3 Nf6 6.Bf4 e6 7.e3 Be7 8.h3 Bd7
9.Bd3 O-O 10.O-O Rc8 11.Rc1 a6 12.Ne5 Ne8 13.e4 dxe4 14.Bxe4 Nf6 15.Bf3 
Be8 16.Qd2 Bb4 17.a3 Bxc3 18.bxc3 Nd5 19.Bg5 f6 20.Nxc6 Bxc6 21.Bh4 Ne7 
22.Qe2 Bxf3 23.Qxe6+ Kh8 24.gxf3 Nd5 25.Qe1 Qd7 26.Bg3 Qxh3 27.c4 Rce8 28.
cxd5 Rxe1 29.Rfxe1 h5 30.Re4 Qf5 31.d6 g5 32.Rc7 h4 33.d7 hxg3 34.Re8 
gxf2+ 35.Kxf2 1-0

[Event "8th Eksjo it group B"]
[Site "Eksjo SWE"]
[Date "1980.08.28"]
[Round "7"]
[White "Donaldson, John"]
[Black "Ekstrom, Roland"]
[Result "1/2-1/2"]
[WhiteElo "2360"]
[BlackElo "2365"]
[EventDate "1980.08.22"]
[PlyCount "70"]

1.e4 c5 2.Nf3 Nc6 3.Bb5 g6 4.O-O Bg7 5.c3 Qb6 6.Ba4 e5 7.b4 cxb4 8.cxb4 
Nge7 9.Ba3 d6 10.b5 Nd4 11.Nxd4 exd4 12.d3 O-O 13.Nd2 Be6 14.f4 a6 15.f5 
gxf5 16.exf5 Nxf5 17.Rxf5 Bxf5 18.Nc4 Qd8 19.Bxd6 axb5 20.Bxb5 Re8 21.Bxe8
Qxe8 22.Bf4 Bg6 23.a4 h5 24.a5 Qe6 25.Qf3 Rd8 26.Bg3 Qd5 27.Qe2 Qb5 28.Qd1
Qf5 29.Ra3 Qg5 30.Rb3 Rd7 31.Qd2 Qf5 32.Qf2 Qg5 33.Qf4 Qe7 34.Qf3 Kh7 35.
h3 Qg5 1/2-1/2

[Event "8th Eksjo it group B"]
[Site "Eksjo SWE"]
[Date "1980.08.28"]
[Round "7"]
[White "Evangelisti, Claudio"]
[Black "Kovacs, Laszlo"]
[Result "1-0"]
[WhiteElo "2315"]
[BlackElo "2340"]
[EventDate "1980.08.22"]
[PlyCount "143"]

1.d4 Nf6 2.c4 e6 3.Nc3 Bb4 4.e3 c5 5.Ne2 cxd4 6.exd4 b6 7.a3 Be7 8.g3 Bb7 
9.d5 d6 10.Bg2 e5 11.O-O Nbd7 12.h3 Rc8 13.b3 O-O 14.g4 a6 15.a4 Nc5 16.
Ng3 a5 17.Nf5 Ne8 18.f4 f6 19.Be3 Rf7 20.Nxe7+ Qxe7 21.f5 Nc7 22.Be4 N7a6 
23.Ra2 h6 24.Rg2 Kf8 25.h4 Ke8 26.Kf2 Kd7 27.Ke2 Nb4 28.Qb1 Ba6 29.Bxc5 
bxc5 30.Qc1 Kc7 31.Qe3 Rh8 32.Rfg1 Kb6 33.Nd1 Ka7 34.Rg3 Qb7 35.Nc3 Kb6 
36.R1g2 Qe7 37.Qg1 Bc8 38.Nd1 Bd7 39.Ne3 Na6 40.g5 hxg5 41.hxg5 Rh4 42.
gxf6 gxf6 43.Rg4 Rxg4 44.Rxg4 Nc7 45.Nd1 Rh7 46.Rg8 Ne8 47.Ne3 Rh5 48.Kd3 
Qh7 49.Qg6 Qxg6 50.fxg6 f5 51.Nxf5 Bxf5 52.Bxf5 Rxf5 53.Rxe8 Rg5 54.Rg8 
Kb7 55.g7 Ka7 56.Ke4 Kb7 57.Kf3 Ka7 58.Rd8 Rxg7 59.Rxd6 Rb7 60.Rc6 Rxb3+ 
61.Ke4 Rb4 62.Rxc5 Rxa4 63.Kxe5 Ra1 64.Kd6 Kb6 65.Rb5+ Ka6 66.Rb2 a4 67.
Kc6 a3 68.Rd2 Rc1 69.c5 Ka5 70.d6 Kb4 71.d7 Rxc5+ 72.Kd6 1-0

[Event "8th Eksjo it group B"]
[Site "Eksjo SWE"]
[Date "1980.08.28"]
[Round "7"]
[White "Honfi, Karoly"]
[Black "Renman, Nils-Gustaf"]
[Result "1/2-1/2"]
[WhiteElo "2420"]
[BlackElo "2425"]
[EventDate "1980.08.22"]
[PlyCount "70"]

1.e4 e6 2.d4 d5 3.Nc3 Bb4 4.Ne2 dxe4 5.a3 Be7 6.Nxe4 Nf6 7.Qd3 O-O 8.Bf4 
Nbd7 9.O-O-O Nxe4 10.Qxe4 c5 11.c4 a6 12.g4 Ra7 13.Bg2 b5 14.Qc2 bxc4 15.
Qxc4 Nb6 16.Qc2 c4 17.Be4 g6 18.h4 Bb7 19.Bh6 Bxe4 20.Qxe4 Re8 21.h5 Bg5+ 
22.Bxg5 Qxg5+ 23.f4 Qxg4 24.d5 Rd7 25.d6 Qf5 26.Ng3 Qb5 27.Qe5 f6 28.Qxf6 
c3 29.Rh2 cxb2+ 30.Qxb2 Rxd6 31.Rxd6 Qc5+ 32.Kb1 Qxd6 33.hxg6 Qd1+ 34.Ka2 
Qd5+ 35.Ka1 Qd1+ 1/2-1/2

[Event "8th Eksjo it group B"]
[Site "Eksjo SWE"]
[Date "1980.08.28"]
[Round "7"]
[White "Lundin, Erik"]
[Black "Jasnikowski, Zbigniew"]
[Result "1-0"]
[WhiteElo "2355"]
[BlackElo "2325"]
[EventDate "1980.08.22"]
[PlyCount "75"]

1.e4 c5 2.Nf3 Nc6 3.Nc3 e6 4.Be2 Nf6 5.O-O d6 6.d4 cxd4 7.Nxd4 Be7 8.Nb3 
O-O 9.Kh1 a6 10.a4 b6 11.f4 Bb7 12.Bf3 Qc7 13.g4 d5 14.e5 Ne4 15.Ne2 f6 
16.Ned4 Nd8 17.exf6 Bxf6 18.Be3 e5 19.fxe5 Qxe5 20.Bg2 Ne6 21.Nxe6 Qxe6 
22.Bd4 a5 23.Bxf6 Rxf6 24.Rxf6 Qxf6 25.Qd4 Rf8 26.Qxf6 Rxf6 27.Kg1 Nd6 28.
Re1 Ne4 29.Nd4 Kf7 30.c4 Nc5 31.cxd5 Rd6 32.Nc6 Kf6 33.h4 h6 34.Rf1+ Kg6 
35.Ne7+ Kh7 36.h5 Nd7 37.Be4+ Kh8 38.Rf7 1-0

[Event "8th Eksjo it group B"]
[Site "Eksjo SWE"]
[Date "1980.08.29"]
[Round "8"]
[White "Ekstrom, Roland"]
[Black "Evangelisti, Claudio"]
[Result "1-0"]
[WhiteElo "2365"]
[BlackElo "2315"]
[EventDate "1980.08.22"]
[PlyCount "75"]

1.e4 e5 2.Nf3 Nc6 3.Bb5 a6 4.Ba4 Nf6 5.O-O Be7 6.Re1 b5 7.Bb3 d6 8.c3 O-O 
9.d4 Bg4 10.d5 Na5 11.Bc2 c6 12.h3 Bh5 13.dxc6 Qc8 14.Nbd2 Qxc6 15.Nf1 Bg6
16.Ng3 Nd7 17.Nh2 Bh4 18.Nhf1 Nc4 19.Qg4 Bxg3 20.Nxg3 Nf6 21.Qf3 Rfe8 22.
a4 Rac8 23.axb5 axb5 24.Nf5 d5 25.exd5 Qxd5 26.Qxd5 Nxd5 27.Rd1 Nc7 28.Ra7
Nb6 29.Nd6 Bxc2 30.Rd2 Nc4 31.Nxe8 Nxd2 32.Nxc7 Nb3 33.Be3 f5 34.f4 exf4 
35.Bxf4 Nc5 36.Be5 Rd8 37.Bd4 Nb3 38.Ne6 1-0

[Event "8th Eksjo it group B"]
[Site "Eksjo SWE"]
[Date "1980.08.29"]
[Round "8"]
[White "Jasnikowski, Zbigniew"]
[Black "Honfi, Karoly"]
[Result "0-1"]
[WhiteElo "2325"]
[BlackElo "2420"]
[EventDate "1980.08.22"]
[PlyCount "52"]

1.e4 c5 2.Nf3 g6 3.d4 cxd4 4.Qxd4 Nf6 5.e5 Nc6 6.Qa4 Nd5 7.Qe4 Ndb4 8.Bb5 
Qa5 9.Nc3 Bg7 10.O-O O-O 11.a3 d5 12.exd6 Bf5 13.Qh4 Nxc2 14.Bxc6 exd6 15.
b4 Qd8 16.Bg5 f6 17.Bd5+ Kh8 18.Be3 Nxa1 19.Rxa1 g5 20.Qd4 Qd7 21.Qc4 a5 
22.b5 Rac8 23.Qb3 Qc7 24.Rc1 Rfe8 25.Nd4 Bd3 26.Nce2 Qxc1+ 0-1

[Event "8th Eksjo it group B"]
[Site "Eksjo SWE"]
[Date "1980.08.29"]
[Round "8"]
[White "Kovacs, Laszlo"]
[Black "Lundin, Erik"]
[Result "1/2-1/2"]
[WhiteElo "2340"]
[BlackElo "2355"]
[EventDate "1980.08.22"]
[PlyCount "52"]

1.e4 d5 2.exd5 Qxd5 3.d4 Nc6 4.Nf3 Bg4 5.Be2 O-O-O 6.Be3 Nf6 7.Nbd2 e6 8.
a3 Qa5 9.b4 Qa4 10.c4 Qxd1+ 11.Rxd1 Be7 12.b5 Na5 13.Ne5 Bxe2 14.Kxe2 Rhf8
15.a4 Nd7 16.f4 Nb6 17.Rc1 f6 18.Nd3 Rfe8 19.Rc2 Bf8 20.Rhc1 g6 21.g3 Bg7 
22.Nc5 Nd7 23.Ndb3 Nxb3 24.Nxb3 Nb8 25.Kf2 h5 26.Re2 Nd7 1/2-1/2

[Event "8th Eksjo it group B"]
[Site "Eksjo SWE"]
[Date "1980.08.30"]
[Round "9"]
[White "Honfi, Karoly"]
[Black "Kovacs, Laszlo"]
[Result "1-0"]
[WhiteElo "2420"]
[BlackElo "2340"]
[EventDate "1980.08.22"]
[PlyCount "167"]

1.Nf3 Nf6 2.c4 g6 3.Nc3 Bg7 4.e4 d6 5.d4 O-O 6.Be2 Nbd7 7.Be3 e5 8.O-O c6 
9.Qc2 Re8 10.d5 c5 11.Nd2 Rf8 12.a3 Ne8 13.b4 b6 14.Rab1 f5 15.f3 f4 16.
Bf2 g5 17.Rb2 h5 18.Rfb1 Rf6 19.bxc5 dxc5 20.a4 Rg6 21.Qd1 a5 22.Nf1 Nd6 
23.Nb5 Bf8 24.Nxd6 Bxd6 25.Be1 Ra7 26.Kh1 Kh7 27.Bc3 Qg8 28.Qe1 Be7 29.Rd1
g4 30.d6 Bf6 31.g3 Bb7 32.Qf2 Ra8 33.Rd5 Bxd5 34.cxd5 h4 35.Bb5 hxg3 36.
hxg3 Rh6+ 37.Kg1 Qg7 38.Qe2 Rg8 39.fxg4 Nf8 40.Qf3 Qxg4 41.Qxg4 Rxg4 42.
Be2 Rg7 43.Rxb6 fxg3 44.Ne3 Ng6 45.Bg4 Nf4 46.Bf5+ Kh8 47.Rb8+ Rg8 48.
Rxg8+ Kxg8 49.Ng4 Ne2+ 50.Kg2 Nxc3 51.Nxh6+ Kf8 52.Ng4 Bg7 53.Ne3 Nxa4 54.
Nc4 Bf6 55.Kxg3 Nc3 56.Nxa5 Nb5 57.Nc4 Ke8 58.Kf2 Kd8 59.Ke3 Bg7 60.Kd3 
Bf8 61.d7 Bg7 62.Bg4 Bf6 63.d6 Bh4 64.Bd1 Nxd6 65.Nxd6 Kxd7 66.Nf5 Bf2 67.
Kc4 Ke6 68.Kb5 Kf6 69.Nd6 Kg5 70.Kc4 Kf4 71.Kd5 Bd4 72.Nc4 Bc3 73.Bc2 Bd4 
74.Bb1 Bc3 75.Kxc5 Kg5 76.Kd5 Kf4 77.Bc2 Bd4 78.Ba4 Bc3 79.Bd7 Bd4 80.Bf5 
Bc3 81.Nb6 Kg5 82.Nd7 Kf4 83.Nf8 Kg5 84.Ke6 1-0